Teams that CR7 Played for - Statistics

General Stats
  • This quiz has been taken 74 times
    72 since last reset
  • The average score is 6 of 6
Answers on the Grid
Answers color-coded by a green-red scale on the quiz's grid according to % correct below.
Atletico Madrid
Barcelona
Man City
Real Madrid
Sporting
Juventus
Inter Milan
Portugal national Team
Porto
Malmo
Al Nassr
PSG
Man United
Marseille
Sevilla
Arsenal
 
Answer Stats
Answer % Correct
Real Madrid
98%
Juventus
93%
Portugal national Team
93%
Sporting
91%
Man United
89%
Al Nassr
86%
No matching quizzes found
Score Distribution
Percent of People with Each Score
Percentile by Number Answered
Your Score History
You have not taken this quiz since the last reset